|
|
|
|
| LEADER |
00947nam a2200241 a 4500 |
| 001 |
c000373917 |
| 003 |
CARM |
| 005 |
00000000000000.0 |
| 008 |
890411s1913 enk 00000 eng d |
| 019 |
1 |
|
|a 6180306
|z 45132487
|5 LACONCORD2021
|
| 035 |
|
|
|a (OCoLC)4941701
|5 LACONCORD2021
|
| 040 |
|
|
|a NUN
|c NUN
|
| 100 |
1 |
|
|a Mannix, William Francis.
|
| 245 |
1 |
0 |
|a Memoirs of the Viceroy Li Hung Chang /
|c with an introduction by Hon. John W. Foster.
|
| 260 |
|
|
|a London :
|b Constable,
|c 1913.
|
| 300 |
|
|
|a xxvii, 314 p. :
|b port.
|
| 500 |
|
|
|a Memoirs forged by William Francis Mannix.
|
| 600 |
1 |
0 |
|a Li, Hung-chang,
|d 1823-1901.
|
| 651 |
|
0 |
|a China
|x Foreign relations
|y To 1912.
|
| 700 |
1 |
|
|a Li, Hung-chang,
|d 1823-1901.
|
| 852 |
8 |
|
|b CARM
|h A1:AO18F0
|i B08276
|p 0403643
|f BK
|
| 999 |
f |
f |
|i daa2d01e-88e2-5482-887f-a9ab2c0760c3
|s 6baed084-f366-5917-a9ba-9e30e4ef329c
|
| 952 |
f |
f |
|p Can circulate
|a CAVAL
|b CAVAL
|c CAVAL
|d CARM 1 Store
|e B08276
|f A1:AO18F0
|h Other scheme
|i book
|m 0403643
|